Meuse - mort subite - Statistiques

Statistiques générales
  • Ce quiz a été pris 37 fois
  • Le résultat moyen est 7 sur 18
Answers on the Grid
Answers color-coded by a green-red scale on the quiz's grid according to % correct below.
Verdun
Le fleuve le plus long traversant la Belgique
Le lieu de naissance de Jeanne d'Arc
Cumières-le-Mort-Homme
Lens
Une frontière avec la Belgique
Le site de la plus grande bataille de l'histoire de l'armée américaine
Le lieu de naissance de Charlemagne
Caen
Le site de la plus meurtrière bataille de l'histoire de l'armée américaine
Montfaucon
Bar-le-Duc
Matsuyama
Saint-Mihiel
Bouar
Void-Vacon
L'Escaut
Un champ de bataille de la bataille de la Marne
La ligne de train Paris-Berlin
Barinas
Cujavie-Poméranie
La Senne
Adré
L'Ossuaire de Douaumont
Porte de Bagnolet
Des munitions non explosées
Une zone d'occupation par la Russie (1815)
Val-d'Or
Jupille-sur-Meuse
Le lieu de naissance de Nicolas-Joseph Cugnot
Boksburg
Bagneux
Commercy
Gondrecourt
Derince
Monywa
 
Statistiques - réponses
Réponse % Correct
Verdun
96%
Bar-le-Duc
69%
La Meuse Le fleuve le plus long traversant la Belgique
65%
Saint-Mihiel
62%
Commercy
54%
Void-Vacon
50%
Une frontière avec la Belgique
46%
Abrite environ 130000 corps non identifiés de soldats français et allemands, de Verdun L'Ossuaire de Douaumont
42%
L'offensive Meuse-Argonne (1,2 million de soldats) Le site de la plus grande bataille de l'histoire de l'armée américaine
38%
Gondrecourt
35%
La ligne de train Paris-Berlin
35%
L'offensive Meuse-Argonne (26 000 morts) Le site de la plus meurtrière bataille de l'histoire de l'armée américaine
35%
Un de neuf villages fantômes, entièrement détruits lors de la bataille de Verdun Cumières-le-Mort-Homme
31%
On estime que le désobusage de munitions de la Première Guerre mondiale ne sera pas terminé avant avant plusieurs siècles Des munitions non explosées
23%
Inventeur du premier véhicule automobile jamais construit dans le monde (machine à vapeur) Le lieu de naissance de Nicolas-Joseph Cugnot
19%
Montfaucon
19%
Une zone d'occupation par la Russie (1815)
15%
Revigny (première bataille de la Marne) Un champ de bataille de la bataille de la Marne
4%
Aucun quiz correspondant
Distribution des résultats
% des personnes avec chaque résultat
Percentile par nombre de réponses
Votre historique - résultats
Vous n’avez pas pris ce quiz